Southville International School and Colleges
Your cart is empty.
  • Cart
  • Lists
    Public lists Eva Luna New books Lux_list list_1
    Your lists Log in to create your own lists
  • Log in to your account
  • Your cookies
  • Search history
Southville International School and Colleges
  • Advanced search
  • Recent comments
  • Most popular
  • Libraries

Log in to your account

Log in with GOOGLE


If you do not have an external account, but do have a local account, you can still log in:

  1. Home
  2. MARC view: Tales and legends of long ago :
Normal view MARC view ISBD view

Tales and legends of long ago : (Record no. 292135)

[ view plain ]
MARC details
000 -LEADER
fixed length control field 00631nam a2200229Ia 4500
008 - FIXED-LENGTH DATA ELEMENTS--GENERAL INFORMATION
fixed length control field 160319s9999 xx 000 0 und d
020 ## - INTERNATIONAL STANDARD BOOK NUMBER
International Standard Book Number 9710858114
050 ## - LIBRARY OF CONGRESS CALL NUMBER
Classification number 398.2
050 ## - LIBRARY OF CONGRESS CALL NUMBER
Item number A656t 2007
100 ## - MAIN ENTRY--PERSONAL NAME
Personal name Aquino, Gaudencio V.
245 ## - TITLE STATEMENT
Title Tales and legends of long ago :
245 ## - TITLE STATEMENT
Remainder of title values-oriented /
245 ## - TITLE STATEMENT
Statement of responsibility, etc Gaudencio V. Aquino.
260 ## - PUBLICATION, DISTRIBUTION, ETC. (IMPRINT)
Place of publication, distribution, etc Mandaluyong City :
260 ## - PUBLICATION, DISTRIBUTION, ETC. (IMPRINT)
Name of publisher, distributor, etc National Bookstore
260 ## - PUBLICATION, DISTRIBUTION, ETC. (IMPRINT)
Date of publication, distribution, etc 2007
300 ## - PHYSICAL DESCRIPTION
Extent x, 104 pages :
300 ## - PHYSICAL DESCRIPTION
Other physical details illustration :
650 ## - SUBJECT ADDED ENTRY--TOPICAL TERM
Topical term or geographic name as entry element Folklore--Philippines.
650 ## - SUBJECT ADDED ENTRY--TOPICAL TERM
Topical term or geographic name as entry element Mythology, Philippine.
650 ## - SUBJECT ADDED ENTRY--TOPICAL TERM
Topical term or geographic name as entry element Philippines--Social life and customs.
Holdings
Withdrawn status Lost status Damaged status Home library Current library Shelving location Date acquired Total Checkouts Full call number Barcode Date last seen Price effective from Koha item type
      Stonyhurst Southville International School (Batangas) Stonyhurst Southville International School (Batangas) Filipiniana Section 03/19/2016   Fil 398.2 A656t 2007 US 1329 03/19/2016 03/19/2016 Books

Tales and legends of long ago :

APA

Aquino G. V., .Tales and legends of long ago. Mandaluyong City: .

Chicago

Aquino Gaudencio V, .Tales and legends of long ago. Mandaluyong City: .

Harvard

Aquino G. V., .Tales and legends of long ago. Mandaluyong City: .

MLA

Aquino Gaudencio V, .Mandaluyong City: . .

  • Place hold
  • Print
  • Cite
  • Add to your cart (remove)
  • Save record
    BIBTEX Dublin Core MARCXML MARC (non-Unicode/MARC-8) MARC (Unicode/UTF-8) MARC (Unicode/UTF-8, Standard) MODS (XML) RIS
  • More searches
    Search for this title in:
    Other Libraries (WorldCat) Other Databases (Google Scholar) Online Stores (Bookfinder.com) Open Library (openlibrary.org)

Exporting to Dublin Core...

SOUTHVILLE LIBRARY

Southville International School and Colleges Library

1281 Tropical Ave. Cor. Luxembourg St., BF Homes International, Las Pinas City

Tel. No. 8256374 / 252358 Loc. 117/146

Powered by Koha